| 000 | 00661nam a2200229Ia 4500 | ||
|---|---|---|---|
| 008 | 180523s9999 xx 000 0 und d | ||
| 020 | _a0-07-142731-7 | ||
| 050 | _aMAIN HF 5415 | ||
| 050 | _b.M53 2004 | ||
| 100 | _aMichaelson, Gerald A. | ||
| 245 | 0 | _aSun Tzu strategies for marketing : | |
| 245 | 0 | _b12 essential principles for winning the war for customers / | |
| 245 | 0 | _cGerald A. Michaelson, Steven W. Michaelson. | |
| 260 | _aNew York : | ||
| 260 | _bMcGraw-Hill, | ||
| 260 | _c2004 | ||
| 300 | _a244 pages : | ||
| 300 | _c23 cm. | ||
| 500 | _aIncludes index. | ||
| 650 | _aMarketing. | ||
| 650 | _xSunzi, 6th cent. B. C. Sunzi bing fa. | ||
| 999 |
_c357052 _d357052 |
||